Score 0/15 Timer 05:00
1 Play Today
% Correct
The Brain
91%
Beast
90.1%
Dexter
89.8%
Mr. Fantastic
89.5%
Rick Sanchez
80.6%
Dr. Jumba
75.6%
Eggman Robotnik
75.4%
Prof. Farnsworth
73.5%
% Correct
Prof. Frink
73.4%
Prof. Oak
72.1%
Doofenshmirtz
67.6%
Egon Spengler
63.9%
Keswick
63.3%
Dr. Mephesto
53.5%
Professor Calamitous
49.6%
Remove Ads.
Support Sporcle.
Get the best of Sporcle when you Go Orange. This ad-free experience offers more features, more stats, and more fun while also helping to support Sporcle. Thank you for becoming a member.

You're not logged in!

Compare scores with friends on all Sporcle quizzes.
OR
Log In

Show Comments

Extras

Top Quizzes Today


Score Distribution

Your Account Isn't Verified!

In order to create a playlist on Sporcle, you need to verify the email address you used during registration. Go to your Sporcle Settings to finish the process.

Report this User

Report this user for behavior that violates our Community Guidelines.

Details: